Easy Quiz - Statistics

General Stats
  • This quiz has been taken 26 times
  • The average score is 4 of 15
Answer Stats
Hint Answer % Correct
Type Frank 9 times Frank Frank Frank Frank Frank Frank Frank Frank Frank
100%
If Long+Lister=Retiree, but Lister+Long does not equal Retiree, what is Five+Four equal to? 9
78%
What is the capital of Azerbaijan Baku
48%
If this was question 7, and question 9 is question 3, but question 3 is neither question 9 nor 7, what is this? question 7
43%
Pick a number from 1-9,000,000,000,000 14
26%
Type the answer to question 3 the answer to question 3
22%
What is question 8 spelled backwards without any characters that are monosyllabic? w
17%
What is the answer to question 1 squared? 196
9%
If 9+2 is 10 and 4+2 is 6, what is (9^2)-3 61
9%
Invert the answer to question 10 691
9%
How much wood would a woodchuck chuck if a woodchuck could chuck wood? 700 pounds
4%
What is the answer to question 5 without any vowels? th nswr t qstn 5
4%
Type the longest answer out of all even numbered questions, then type the longest answer out of all odd questions Frank Frank Frank Frank Frank Frank Frank Frank Frank the longest answer out of all odd questions
0%
Write the answer to all questions in alphabetical order, excluding prime numbers, vowels, letters not found in any countries name, and the numbers 10, 12, and 16 the answer to all questions in alphabetical order, excluding prime numbers, vowels, letters not found in any countries name, and the numbers 10, 12, and 16
0%
Replace the last character of question 8 with the answer of question 6 th nswr t qstn 61
0%
No matching quizzes found
Score Distribution
Percent of People with Each Score
Percentile by Number Answered
Your Score History
You have not taken this quiz